| 000 | 00675nam a2200205 a 4500 | ||
|---|---|---|---|
| 003 | OSt | ||
| 005 | 20130927183231.0 | ||
| 008 | 130927s2000 ag ||||| |||| 00| 0 spa d | ||
| 040 | _cBiblioteca Medicina | ||
| 041 | _aspa | ||
| 082 | _bVARIOS 0331 | ||
| 110 |
_aOrganizacion Mundial de la Salud _91006 |
||
| 245 | 0 | 0 | _aNiños sanos: la meta del 2002. Reduccion de 100.000 muertes de niños menores de 5 años. Fundamentos y justificacion |
| 250 | _a1º ed | ||
| 260 |
_as/l _bOPS; AIEPI _c2000 |
||
| 300 | _a22 p. | ||
| 653 | _aPEDIATRIA-PROGRAMAS | ||
| 942 |
_2ddc _cPH |
||
| 999 |
_c1692 _d1692 |
||
| 952 |
_40 _00 _bBFM _10 _oVARIOS 0331 _d2013-09-27 _tEj. 1 _8NFIC _70 _cCR _2ddc _yPH _aBFM |
||